000 00774nam a2200217Ia 4500
003 GCL
008 140319s9999 xx 000 0 ara d
040 _aGCL /
_cGCL
082 0 4 _a390.088
_bج ف
100 1 _aجلال شمس الدين
245 1 0 _aالفضائل والقيم لدى الشعوب القديمة ذوى الاديان الانسانية /
_cجلال شمس الدين
250 _aالاولى
260 _aالقاهرة :
_bالدار العالمية للنشر والتوزيع ،
_c2005
300 _a220 ص ؛
_c24 سم
650 0 4 _aالحياة الدينية
650 0 4 _aالاخلاق الدينية
650 0 4 _aالفضائل
650 0 4 _aالقيم الدينية
650 0 4 _aالعقائد الدينية
942 _2ddc
_cBK
999 _c8086
_d8086